| 000 | 00650nam a22001937a 4500 | ||
|---|---|---|---|
| 999 |
_c162775 _d162775 |
||
| 005 | 20190320162852.0 | ||
| 010 | _aB-009993 | ||
| 020 |
_a8186877622 _c170.00 |
||
| 035 | _aB-009993 | ||
| 082 | _a540 | ||
| 100 | _aGupta's R. | ||
| 245 |
_aObjective Chemistry; _bIncludes Study Material with Multiple-Choice Type Questions / _cR.Gupta's |
||
| 260 |
_aNew Delhi _bRamesh Publishing House |
||
| 270 |
_a12-H, New Daryaganj Road, Opp. Traffic Kotwali, _b New Delhi _e110002 _k3275124,3275224 |
||
| 300 |
_avi,624p. _bill H.b. _c24cm. |
||
| 490 | _aRPH Medical Series | ||
| 942 |
_2ddc _cEN _h540 _mGUP |
||